000 00328nam a2200133Ia 4500
999 _c10777
_d10777
008 191201s2011 xx 000 0 und d
082 _a658.12
_bNOC
100 _aNOLAKHA, Ratan
245 0 _aCompany Law and Practice
260 _aNew Delhi
_bVikas Pub. House
_c2015
300 _aMisc
650 _aB Com
942 _2ddc
_cBK
_04